[Event "TCh-POL Ekstraliga 2025"]
[Site "Chotowa POL"]
[Date "2025.06.02"]
[Round "1.1"]
[White "Malek, Jan"]
[Black "Samunenkov, Ihor"]
[Result "1-0"]
[WhiteTitle "GM"]
[BlackTitle "GM"]
[WhiteElo "2505"]
[BlackElo "2562"]
[WhiteTeam "KSz Polonia Wroclaw"]
[BlackTeam "KSz Stilon Gorzow Wlkp."]
[WhiteFideId "21864080"]
[BlackFideId "14187086"]
[EventDate "2025.06.02"]

1. d4 d5 2. c4 c6 3. Nf3 Nf6 4. Nc3 e6 5. e3 Nbd7 6. Qc2 Bd6 7. Bd3 O-O 8. O-O
Re8 9. b3 Qe7 10. e4 dxc4 11. Bxc4 e5 12. Ng5 Rf8 13. Ne2 exd4 14. Nxd4 Ne5 15.
Re1 h6 16. Ngf3 Bg4 17. Nh4 Nxc4 18. Qxc4 Qe5 19. f4 Qa5 20. Nc2 Qh5 21. e5 Be7
22. exf6 Bxf6 23. g3 Bxa1 24. Nxa1 Rfe8 25. Be3 Rad8 26. Nc2 Bh3 27. Kf2 Qa5 28.
b4 Qa4 29. g4 Bxg4 30. f5 Bd1 31. Nd4 Re4 32. Ng2 c5 33. Qxc5 Qxa2+ 34. Kg1 Bg4
35. f6 Rdxd4 36. fxg7 Rd8 37. Bxh6 Rxe1+ 38. Nxe1 Qa1 39. Qf8+ Rxf8 40. gxf8=Q+
Kh7 41. Kf2 Qf6+ 42. Kg3 Bd1 43. Be3 Qe5+ 44. Kf2 Qf6+ 45. Kg1 Qg6+ 46. Kf1 Qa6+
47. b5 Qxb5+ 48. Kg1 Qh5 49. h3 Bb3 50. Qd8 Be6 51. Bd4 Qxh3 52. Ng2 Qg4 53.
Qh8+ Kg6 54. Kh2 f6 55. Qxf6+ Kh7 56. Nf4 Kg8 57. Nxe6 Qe2+ 58. Bf2 1-0

[Event "TCh-POL Ekstraliga 2025"]
[Site "Chotowa POL"]
[Date "2025.06.02"]
[Round "1.2"]
[White "Janik, Igor"]
[Black "Bartel, Mateusz"]
[Result "1/2-1/2"]
[WhiteTitle "GM"]
[BlackTitle "GM"]
[WhiteElo "2520"]
[BlackElo "2579"]
[WhiteTeam "KSz Stilon Gorzow Wlkp."]
[BlackTeam "KSz Polonia Wroclaw"]
[WhiteFideId "1159259"]
[BlackFideId "1112635"]
[EventDate "2025.06.02"]

1. c4 e6 2. g3 d5 3. Bg2 dxc4 4. Qa4+ c6 5. Qxc4 c5 6. d3 Nf6 7. Qb5+ Nbd7 8.
Nf3 Bd6 9. a4 a6 10. Qb3 Rb8 11. a5 O-O 12. O-O b5 13. axb6 Nxb6 14. Nbd2 Nbd5
15. Qd1 Bc7 16. Nc4 h6 17. Bd2 Nd7 18. Qc1 Bb7 19. Ba5 Nb4 20. Qc3 Bxf3 21. Bxf3
Rb5 22. Bxc7 Qxc7 23. Rfc1 Qb8 24. Qd2 Ne5 25. Qf4 Nxc4 26. Qxc4 1/2-1/2

[Event "TCh-POL Ekstraliga 2025"]
[Site "Chotowa POL"]
[Date "2025.06.02"]
[Round "1.3"]
[White "Gumularz, Szymon"]
[Black "Krasenkow, Michal"]
[Result "1/2-1/2"]
[WhiteTitle "GM"]
[BlackTitle "GM"]
[WhiteElo "2605"]
[BlackElo "2520"]
[WhiteTeam "KSz Polonia Wroclaw"]
[BlackTeam "KSz Stilon Gorzow Wlkp."]
[WhiteFideId "1188062"]
[BlackFideId "1113100"]
[EventDate "2025.06.02"]

1. d4 d5 2. c4 e6 3. Nf3 c6 4. Qc2 dxc4 5. Qxc4 Nf6 6. a3 b6 7. Nc3 Ba6 8. Qa4
Be7 9. e4 Bxf1 10. Kxf1 O-O 11. Bg5 h6 12. Bxf6 Bxf6 13. Rd1 Qc8 14. h4 Qa6+ 15.
Qxa6 Nxa6 16. g4 c5 17. e5 cxd4 18. Rxd4 Bd8 19. Ke2 f6 20. Rc4 Nc5 21. b4 Nd7
22. exf6 Nxf6 23. Rd1 a5 24. Rd6 axb4 25. axb4 b5 26. Nxb5 Nd5 27. Nc3 Ra3 28.
Nxd5 Raxf3 29. Nf4 R3xf4 30. Rxf4 Rxf4 31. Rxd8+ Kf7 32. Rd7+ Kf6 33. g5+ Kg6
34. gxh6 gxh6 35. b5 1/2-1/2

[Event "TCh-POL Ekstraliga 2025"]
[Site "Chotowa POL"]
[Date "2025.06.02"]
[Round "1.4"]
[White "Dzida, Kamil"]
[Black "Raczek, Krzysztof"]
[Result "1/2-1/2"]
[WhiteTitle "IM"]
[BlackTitle "IM"]
[WhiteElo "2411"]
[BlackElo "2453"]
[WhiteTeam "KSz Stilon Gorzow Wlkp."]
[BlackTeam "KSz Polonia Wroclaw"]
[WhiteFideId "21828652"]
[BlackFideId "21005303"]
[EventDate "2025.06.02"]

1. e4 c5 2. Nf3 Nc6 3. Bb5 g6 4. Bxc6 bxc6 5. d4 cxd4 6. Qxd4 f6 7. O-O d6 8.
Qc4 Qb6 9. Rd1 Nh6 10. Be3 Qa6 11. Qxa6 Bxa6 12. Nd4 Ng4 13. Bc1 Kd7 14. Nc3 g5
15. b3 e6 16. Nf3 Rg8 17. Ba3 Kc7 18. Rd2 Rb8 19. Rd4 Ne5 20. Nxe5 fxe5 21. Ra4
Kb7 22. Rd1 Rd8 23. Ra5 Be7 24. Rxe5 Bf6 25. Rxe6 Bxc3 26. Rdxd6 Rxd6 27. Bxd6
Rd8 28. h3 Rd7 29. e5 Be2 30. Re8 Bd1 31. Rb8+ Ka6 32. Rc8 Kb6 33. Rb8+ Rb7 34.
Rf8 Rd7 35. Rb8+ Ka6 36. Rc8 Kb7 37. Rb8+ Ka6 1/2-1/2

[Event "TCh-POL Ekstraliga 2025"]
[Site "Chotowa POL"]
[Date "2025.06.02"]
[Round "1.5"]
[White "Sowinski, Pawel"]
[Black "Koziorowicz, Michal"]
[Result "1-0"]
[WhiteTitle "IM"]
[BlackTitle "FM"]
[WhiteElo "2451"]
[BlackElo "2294"]
[WhiteTeam "KSz Polonia Wroclaw"]
[BlackTeam "KSz Stilon Gorzow Wlkp."]
[WhiteFideId "21881979"]
[BlackFideId "21809194"]
[EventDate "2025.06.02"]

1. d4 e6 2. c4 Nf6 3. Nc3 Bb4 4. e3 O-O 5. Bd2 b6 6. Nf3 Bb7 7. Bd3 d5 8. cxd5
exd5 9. Rc1 a6 10. O-O Bd6 11. Ne5 c5 12. f4 Nc6 13. Ng4 Be7 14. Nxf6+ Bxf6 15.
dxc5 bxc5 16. b3 d4 17. Ne4 dxe3 18. Bxe3 Bd4 19. Bxd4 Qxd4+ 20. Kh1 Rad8 21.
Nxc5 Ba8 22. Be4 Qf6 23. Qh5 g6 24. Qh6 Nd4 25. Bxa8 Nf5 26. Qh3 Rxa8 27. Nd7
Qb2 28. Nxf8 Rxf8 29. a4 Re8 30. Qc3 Re2 31. Qxb2 Rxb2 32. Rb1 Ra2 33. Ra1 Rb2
34. Rfb1 Rf2 35. b4 Nh4 36. b5 axb5 37. axb5 Rxg2 38. b6 Rf2 39. b7 Nf3 40.
b8=Q+ Kg7 41. Rb2 1-0

[Event "TCh-POL Ekstraliga 2025"]
[Site "Chotowa POL"]
[Date "2025.06.02"]
[Round "1.6"]
[White "Siekanska, Maria"]
[Black "Starosta, Martyna"]
[Result "0-1"]
[WhiteTitle "WFM"]
[BlackTitle "WFM"]
[WhiteElo "2137"]
[BlackElo "2182"]
[WhiteTeam "KSz Stilon Gorzow Wlkp."]
[BlackTeam "KSz Polonia Wroclaw"]
[WhiteFideId "21852650"]
[BlackFideId "21818754"]
[EventDate "2025.06.02"]

1. e4 e6 2. d4 d5 3. e5 c5 4. c3 Nc6 5. Nf3 Qb6 6. a3 f6 7. Bd3 fxe5 8. dxe5 g6
9. O-O Bg7 10. c4 Nge7 11. Qe2 O-O 12. Nc3 Bd7 13. Bg5 Rae8 14. Rab1 Nd4 15.
Nxd4 cxd4 16. Nb5 dxc4 17. Bxc4 Rf5 18. Bf6 Bxf6 19. exf6 Bxb5 20. Qxe6+ Qxe6
21. Bxe6+ Kh8 22. fxe7 Re5 23. Rfe1 Rxe1+ 24. Rxe1 Rxe7 25. Re4 d3 26. f3 d2 27.
Bb3 Rxe4 28. fxe4 Be2 0-1

[Event "TCh-POL Ekstraliga 2025"]
[Site "Chotowa POL"]
[Date "2025.06.02"]
[Round "1.1"]
[White "Heberla, Bartlomiej"]
[Black "Navara, David"]
[Result "0-1"]
[WhiteTitle "GM"]
[BlackTitle "GM"]
[WhiteElo "2509"]
[BlackElo "2657"]
[WhiteTeam "KS LAURA Chylice"]
[BlackTeam "KSz HETMAN Katowice"]
[WhiteFideId "1115120"]
[BlackFideId "309095"]
[EventDate "2025.06.02"]

1. e4 c5 2. Nf3 d6 3. d4 cxd4 4. Nxd4 Nf6 5. Nc3 a6 6. Be3 Ng4 7. Bc1 Nf6 8. Be3
e5 9. Nb3 Be6 10. f4 exf4 11. Bxf4 Nc6 12. Qe2 Be7 13. h3 Nd7 14. O-O-O Nce5 15.
g4 Rc8 16. Qe3 Ng6 17. Nd5 Bxd5 18. Rxd5 Nb6 19. Rf5 Nxf4 20. Qxf4 O-O 21. Qf2
g6 22. Rf3 Bh4 23. Qd4 Nd7 24. Kb1 Ne5 25. Rc3 Nc6 26. Qd1 Bf6 27. Rf3 Qe7 28.
Bd3 b5 29. Rhf1 Bg7 30. R3f2 Rb8 31. Nd2 a5 32. a3 Ne5 33. Qe2 Qe8 34. Nf3 b4
35. axb4 Nxf3 36. Rxf3 Qe5 37. c3 axb4 38. c4 Qa5 39. Qd2 Ra8 40. Kc1 Qa1+ 41.
Bb1 Ra2 42. Rb3 Rc8 43. Qxb4 Bxb2+ 0-1

[Event "TCh-POL Ekstraliga 2025"]
[Site "Chotowa POL"]
[Date "2025.06.02"]
[Round "1.2"]
[White "Piorun, Kacper"]
[Black "Noe, Christopher"]
[Result "0-1"]
[WhiteTitle "GM"]
[BlackTitle "IM"]
[WhiteElo "2579"]
[BlackElo "2502"]
[WhiteTeam "KSz HETMAN Katowice"]
[BlackTeam "KS LAURA Chylice"]
[WhiteFideId "1130420"]
[BlackFideId "24692018"]
[EventDate "2025.06.02"]

1. e4 e5 2. Nf3 Nc6 3. Bb5 Nf6 4. O-O Nxe4 5. Re1 Nd6 6. a4 Be7 7. Nc3 O-O 8. d4
e4 9. Nxe4 Nxe4 10. Rxe4 a6 11. Bd3 d5 12. Re3 Bg4 13. c3 Bg5 14. Re1 Bxc1 15.
Rxc1 Qf6 16. Re3 Rae8 17. Qc2 Rxe3 18. fxe3 Re8 19. Nd2 Rxe3 20. Nf1 Re6 21.
Bxh7+ Kf8 22. Bd3 Nxd4 23. cxd4 Rc6 24. Qd2 Qxd4+ 25. Ne3 Re6 26. Rxc7 Qxe3+ 27.
Qf2 Qxf2+ 28. Kxf2 Rb6 29. Ke3 Rxb2 30. Kd4 Be6 31. Ke5 g5 32. Kf6 Rf2+ 33. Kxg5
Rxg2+ 34. Kf6 Rf2+ 35. Ke5 Rd2 36. Bf1 Rf2 37. Bd3 Rd2 38. Bf1 Ra2 39. Rxb7 Rxa4
40. Bg2 Ra2 41. Bf1 a5 42. h4 Kg7 43. Ra7 a4 44. Bd3 Ra1 45. Bc2 a3 46. Bb3 Re1+
47. Kf4 Re4+ 48. Kg5 Rg4+ 49. Kh5 Rg3 50. Bc2 d4 0-1

[Event "TCh-POL Ekstraliga 2025"]
[Site "Chotowa POL"]
[Date "2025.06.02"]
[Round "1.3"]
[White "Kowalski, Igor"]
[Black "Socko, Bartosz"]
[Result "0-1"]
[WhiteTitle "IM"]
[BlackTitle "GM"]
[WhiteElo "2406"]
[BlackElo "2575"]
[WhiteTeam "KS LAURA Chylice"]
[BlackTeam "KSz HETMAN Katowice"]
[WhiteFideId "1172468"]
[BlackFideId "1107038"]
[EventDate "2025.06.02"]

1. d4 Nf6 2. c4 e6 3. Nf3 b6 4. g3 Ba6 5. Qc2 Bb7 6. Bg2 c5 7. d5 exd5 8. cxd5
Nxd5 9. O-O Be7 10. Rd1 Qc8 11. Qf5 Nc7 12. Nc3 O-O 13. e4 d6 14. Qh5 Nd7 15.
Bg5 Nf6 16. Bxf6 Bxf6 17. Rxd6 Ne8 18. Rd3 Bxc3 19. Rxc3 Nf6 20. Qh4 Bxe4 21.
Re1 Qb7 22. g4 Rae8 23. Rce3 h6 24. g5 hxg5 25. Qxg5 Bxf3 26. Bxf3 Qd7 27. Rd1
Qc7 28. Red3 Re5 29. Qg3 Rfe8 30. Kg2 Qe7 31. Qf4 Re1 32. Rxe1 Qxe1 33. Bc6 Re5
34. Rd8+ Kh7 35. Bf3 Re8 36. Rd3 Qe6 37. Re3 Qd7 38. Rc3 Kg8 39. a4 Nd5 40. Bxd5
Qxd5+ 41. Qf3 Re4 42. Kf1 Qe5 43. a5 bxa5 44. Rd3 g6 45. Rd7 Qe6 46. Rd8+ Kh7
47. Qc3 Re5 48. f4 Qf6 49. Qxe5 Qxd8 50. Qxc5 Qd1+ 51. Kg2 Qg4+ 52. Kh1 Qxf4 53.
Qb5 a4 54. Kg2 Qe4+ 55. Kf2 Qc2+ 56. Kg1 Qb1+ 57. Kg2 a3 0-1

[Event "TCh-POL Ekstraliga 2025"]
[Site "Chotowa POL"]
[Date "2025.06.02"]
[Round "1.4"]
[White "Klimkowski, Jan"]
[Black "Kokoszczynski, Jan"]
[Result "1-0"]
[WhiteTitle "GM"]
[BlackTitle "FM"]
[WhiteElo "2508"]
[BlackElo "2307"]
[WhiteTeam "KSz HETMAN Katowice"]
[BlackTeam "KS LAURA Chylice"]
[WhiteFideId "21856222"]
[BlackFideId "1174460"]
[EventDate "2025.06.02"]

1. d4 Nf6 2. c4 e6 3. Nc3 Bb4 4. Nf3 O-O 5. Bg5 h6 6. Bh4 c5 7. Rc1 cxd4 8. Nxd4
d5 9. cxd5 Qxd5 10. Bxf6 gxf6 11. a3 Bxc3+ 12. Rxc3 Nc6 13. Qc1 Kg7 14. Nxc6
bxc6 15. Rh3 Rh8 16. e3 a5 17. Bc4 Qe4 18. O-O Ba6 19. Bxa6 Rxa6 20. Rd1 Raa8
21. Rd7 Rhf8 22. Rd4 Qe5 23. Rg4+ Kh7 24. e4 h5 25. f4 1-0

[Event "TCh-POL Ekstraliga 2025"]
[Site "Chotowa POL"]
[Date "2025.06.02"]
[Round "1.5"]
[White "Chylewski, Patryk"]
[Black "Seemann, Jakub"]
[Result "0-1"]
[WhiteTitle "IM"]
[BlackTitle "IM"]
[WhiteElo "2313"]
[BlackElo "2450"]
[WhiteTeam "KS LAURA Chylice"]
[BlackTeam "KSz HETMAN Katowice"]
[WhiteFideId "1186191"]
[BlackFideId "21874697"]
[EventDate "2025.06.02"]

1. d4 Nf6 2. c4 e6 3. Nf3 d5 4. Nc3 Bb4 5. Bg5 h6 6. Bxf6 Qxf6 7. e3 O-O 8. Rc1
Nd7 9. a3 Bxc3+ 10. Rxc3 c6 11. Be2 dxc4 12. Bxc4 e5 13. O-O e4 14. Nd2 Qe7 15.
Ba2 Nf6 16. Rc5 Nd7 17. Rc1 Nf6 18. h3 Be6 19. Bxe6 Qxe6 20. Qb3 Qxb3 21. Nxb3
Rfe8 22. Nc5 Re7 23. Na4 h5 24. Nc3 Rd8 25. b4 h4 26. Rc2 Kf8 27. Rfc1 Rd6 28.
Kf1 Ke8 29. b5 Kd8 30. Na4 Rc7 31. Ke2 Nd5 32. bxc6 b6 33. Nb2 Rg6 34. Kf1 f5
35. Nd1 Kc8 36. Rc4 Kb8 37. R1c2 a6 38. Rc1 Ne7 39. Nb2 b5 40. Rc5 Rgxc6 41.
Rxc6 Rxc6 42. Rxc6 Nxc6 43. g3 hxg3 44. fxg3 Kc7 45. Ke2 Kb6 46. g4 fxg4 47.
hxg4 Ka5 48. Kd2 Ne7 49. Kc2 Nd5 50. Nd1 Ka4 51. Kb2 b4 52. axb4 Kxb4 53. Nf2
Nc3 54. d5 Nxd5 55. Nxe4 Nxe3 56. g5 g6 57. Nf6 Nc4+ 58. Ka2 Nb6 59. Ng4 Nc8 60.
Ne5 Ne7 61. Nf7 Nc6 62. Kb2 Kc4 63. Ka3 Kd5 64. Ka4 Ke6 65. Nh6 Ke5 66. Kb3 Kf4
67. Nf7 Ne5 68. Nd6 Kxg5 69. Kb4 Kf4 70. Ne8 g5 71. Nf6 Nc6+ 72. Kc5 Nb8 73. Kd4
g4 74. Kd3 Kf3 75. Ne4 g3 76. Nd2+ Kf2 77. Ne4+ Kg2 78. Ke3 Kh2 79. Ng5 g2 80.
Nf3+ Kh1 81. Kf2 Nc6 0-1

[Event "TCh-POL Ekstraliga 2025"]
[Site "Chotowa POL"]
[Date "2025.06.02"]
[Round "1.6"]
[White "Socko, Monika"]
[Black "Barchuk, Irina"]
[Result "1-0"]
[WhiteTitle "GM"]
[BlackTitle "WFM"]
[WhiteElo "2369"]
[BlackElo "2076"]
[WhiteTeam "KSz HETMAN Katowice"]
[BlackTeam "KS LAURA Chylice"]
[WhiteFideId "1106619"]
[BlackFideId "14119005"]
[EventDate "2025.06.02"]

1. d4 Nf6 2. c4 e6 3. Nc3 d5 4. Nf3 h6 5. Bf4 Bd6 6. Bxd6 Qxd6 7. e3 O-O 8. Rc1
Nbd7 9. cxd5 exd5 10. Bd3 b6 11. Nb5 Qb4+ 12. Nd2 c5 13. a3 Qa5 14. b4 Qa6 15.
bxc5 bxc5 16. dxc5 Rb8 17. O-O Ne5 18. Be2 Bg4 19. f3 Bf5 20. e4 Bd7 21. Nc3
Qxa3 22. Nxd5 Nxd5 23. exd5 Rb2 24. Rf2 Qe3 25. Nf1 Qa3 26. c6 Bf5 27. d6 Bd3
28. c7 Qa6 29. Bxd3 Nxd3 30. Rxb2 Nxb2 31. Qd4 1-0

[Event "TCh-POL Ekstraliga 2025"]
[Site "Chotowa POL"]
[Date "2025.06.02"]
[Round "1.1"]
[White "Maurizzi, Marc'Andria"]
[Black "Svane, Frederik"]
[Result "1/2-1/2"]
[WhiteTitle "GM"]
[BlackTitle "GM"]
[WhiteElo "2607"]
[BlackElo "2667"]
[WhiteTeam "SzSON ZAGLEBIE Dabrowa Gornicza"]
[BlackTeam "Akademia Szachowa Gliwice"]
[WhiteFideId "36083534"]
[BlackFideId "12923044"]
[EventDate "2025.06.02"]

1. e4 e6 2. d4 d5 3. Nd2 c5 4. Ngf3 cxd4 5. exd5 Qxd5 6. Bc4 Qd6 7. O-O Nf6 8.
Nb3 Nc6 9. Nbxd4 Nxd4 10. Qxd4 Qxd4 11. Nxd4 Bd7 12. Rd1 Rc8 13. Be2 Bc5 14. c3
e5 15. Nb3 Bb6 16. Bf3 Bc6 17. Re1 e4 18. Be2 O-O 19. Be3 Nd5 20. Bxb6 Nxb6 21.
Nd4 Bd5 22. a4 a5 23. Nf5 Rc7 24. Red1 g6 25. Ne3 Bc6 26. Bb5 f5 27. Bxc6 Rxc6
28. g3 Kf7 29. Rd4 Ke6 30. Rad1 Rf7 31. b4 axb4 32. a5 Na4 33. cxb4 Nb2 34. Ra1
Rfc7 35. Kg2 Rc1 36. Nd5 Rxa1 37. Nxc7+ Ke7 38. Nd5+ Kd6 39. Nf4+ Ke7 40. Nd5+
Kd6 41. Nf4+ Ke7 42. Nd5+ 1/2-1/2

[Event "TCh-POL Ekstraliga 2025"]
[Site "Chotowa POL"]
[Date "2025.06.02"]
[Round "1.2"]
[White "Svane, Rasmus"]
[Black "Boyer, Mahel"]
[Result "1/2-1/2"]
[WhiteTitle "GM"]
[BlackTitle "GM"]
[WhiteElo "2626"]
[BlackElo "2523"]
[WhiteTeam "Akademia Szachowa Gliwice"]
[BlackTeam "SzSON ZAGLEBIE Dabrowa Gornicza"]
[WhiteFideId "4657101"]
[BlackFideId "45102422"]
[EventDate "2025.06.02"]

1. d4 g6 2. e4 Bg7 3. Nf3 d6 4. c3 Nf6 5. Bd3 O-O 6. O-O Nbd7 7. Be3 e5 8. Nbd2
Re8 9. Re1 d5 10. dxe5 Nxe5 11. Nxe5 dxe4 12. Nxf7 Qxd3 13. Nh6+ Kh8 14. Nf7+
Kg8 15. Nh6+ Kh8 16. Bd4 Bf5 17. Nxf5 gxf5 18. Nf1 Ng4 19. Bxg7+ Kxg7 20. Qb3
Qa6 21. Rad1 Ne5 22. Ng3 Qg6 23. Qxb7 Nd3 24. Rf1 Kh8 25. Qd5 Rf8 26. Qd4+ Kg8
27. Qd5+ Kh8 28. Qd4+ Kg8 29. Qd5+ Kh8 1/2-1/2

[Event "TCh-POL Ekstraliga 2025"]
[Site "Chotowa POL"]
[Date "2025.06.02"]
[Round "1.3"]
[White "Cieslak, Patryk"]
[Black "Tomczak, Jacek"]
[Result "1-0"]
[WhiteTitle "FM"]
[BlackTitle "GM"]
[WhiteElo "2442"]
[BlackElo "2576"]
[WhiteTeam "SzSON ZAGLEBIE Dabrowa Gornicza"]
[BlackTeam "Akademia Szachowa Gliwice"]
[WhiteFideId "21078882"]
[BlackFideId "1124668"]
[EventDate "2025.06.02"]

1. e4 d5 2. exd5 Qxd5 3. Nc3 Qa5 4. d4 Nf6 5. Nf3 c6 6. Bc4 Bf5 7. Ne5 e6 8. g4
Bg6 9. h4 Nbd7 10. Nxd7 Nxd7 11. h5 Be4 12. O-O Bd5 13. Nxd5 cxd5 14. Bd3 Bd6
15. Qf3 O-O-O 16. Rd1 Kb8 17. Bd2 Qc7 18. Kg2 f5 19. gxf5 e5 20. Qxd5 Nf6 21.
Qc4 Qd7 22. Qb5 exd4 23. Qxd7 Rxd7 24. Rh1 Nd5 25. Rh4 Be7 26. Rg4 Bb4 27. Bg5
Be7 28. Bxe7 Rxe7 29. Rxd4 Nf6 30. Rh1 h6 31. f3 Rhe8 32. Kf2 Re5 33. a3 a5 34.
b3 Kc7 35. b4 axb4 36. Rxb4 R8e7 37. Rhh4 Rc5 38. Rh1 Ne8 39. Re4 Rce5 40. Rhe1
Rxe4 41. fxe4 Nf6 42. Kf3 Kd6 43. Rb1 Nxh5 44. Rb6+ Kc7 45. Rb5 Nf6 46. e5 Nd7
47. Kf4 b6 48. a4 h5 49. a5 bxa5 50. Rxa5 h4 51. Bf1 Nb6 52. Kg4 Nd7 53. e6 Nf6+
54. Kxh4 Kd6 55. Kg5 Nh7+ 56. Kh5 Rc7 57. Ra8 Rxc2 58. Kg6 Nf6 59. Kxg7 Nh5+ 60.
Kh6 Rh2 61. Kg5 Ng7 62. Ra6+ Ke5 63. e7 Rh1 64. e8=Q+ Nxe8 65. Re6+ Kd4 66. Rxe8
Rg1+ 67. Kh6 Rxf1 68. Kg6 Kd5 69. f6 Rg1+ 70. Kh6 Rf1 71. Kg7 Rg1+ 72. Kf8 Kd6
73. f7 Kd7 74. Re2 Rg3 75. Rd2+ Kc7 76. Rd4 Rg1 77. Ke7 Re1+ 78. Kf6 Rf1+ 79.
Kg6 Rf2 80. Rd5 1-0

[Event "TCh-POL Ekstraliga 2025"]
[Site "Chotowa POL"]
[Date "2025.06.02"]
[Round "1.4"]
[White "Warakomski, Tomasz"]
[Black "Olsen, Filip Boe"]
[Result "1-0"]
[WhiteTitle "GM"]
[BlackTitle "IM"]
[WhiteElo "2545"]
[BlackElo "2449"]
[WhiteTeam "Akademia Szachowa Gliwice"]
[BlackTeam "SzSON ZAGLEBIE Dabrowa Gornicza"]
[WhiteFideId "1124552"]
[BlackFideId "1440640"]
[EventDate "2025.06.02"]

1. e4 c5 2. Nf3 d6 3. d4 cxd4 4. Nxd4 Nf6 5. Nc3 a6 6. f4 e5 7. Nb3 Nc6 8. Be2
Be7 9. Be3 exf4 10. Bxf4 Be6 11. Qd2 Rc8 12. O-O-O Ne5 13. Kb1 O-O 14. h3 b5 15.
g4 b4 16. Nd5 Bxd5 17. exd5 a5 18. g5 Ne4 19. Qe3 f5 20. gxf6 Nxf6 21. Nd4 Qc7
22. Qb3 Rf7 23. Bxe5 dxe5 24. d6 Bxd6 25. Nb5 a4 26. Qxa4 Qc6 27. Qb3 Bb8 28.
Rhf1 g6 29. Bg4 Rf8 30. Nd6 Kg7 31. Nxf7 Rxf7 32. Qxb4 Ba7 33. Rd6 Qg2 34. Qc4
Bc5 35. Rdd1 Bd4 36. Bc8 Bb6 37. Qe6 Bd4 38. c3 Qe4+ 39. Ka1 Be3 40. Rd7 1-0

[Event "TCh-POL Ekstraliga 2025"]
[Site "Chotowa POL"]
[Date "2025.06.02"]
[Round "1.5"]
[White "Poltorak, Sebastian"]
[Black "Kantans, Toms"]
[Result "1-0"]
[WhiteTitle "FM"]
[BlackTitle "GM"]
[WhiteElo "2410"]
[BlackElo "2528"]
[WhiteTeam "SzSON ZAGLEBIE Dabrowa Gornicza"]
[BlackTeam "Akademia Szachowa Gliwice"]
[WhiteFideId "1199498"]
[BlackFideId "11602945"]
[EventDate "2025.06.02"]

1. e4 c5 2. Nc3 Nc6 3. Bb5 Nd4 4. Nf3 Nxb5 5. Nxb5 a6 6. Nc3 b5 7. d4 cxd4 8.
Qxd4 e6 9. Bf4 Bb7 10. O-O-O Nf6 11. Rhe1 Be7 12. Bd6 O-O 13. Ne5 Rc8 14. Re3
Bxd6 15. Qxd6 Qa5 16. Rd4 Rc7 17. Kb1 Ne8 18. Qe7 d5 19. Nd7 Rxd7 20. Qxd7 Qb6
21. Ne2 Nf6 22. Qe7 Re8 23. Qb4 e5 24. Rd1 d4 25. Nxd4 exd4 26. Rxd4 h5 27. h3
a5 28. Qd6 Qxd6 29. Rxd6 Bxe4 30. g3 Rc8 31. Re2 Rc5 32. Rxf6 gxf6 33. Rxe4 Kg7
34. Kc1 b4 35. Rd4 Rf5 36. f4 Rc5 37. Kd2 Kg6 38. c3 bxc3+ 39. bxc3 h4 40. g4
Rc7 41. c4 f5 42. g5 Rc6 43. Kd3 a4 44. Kc3 f6 45. gxf6 Kxf6 46. Rd7 Re6 47. c5
Re1 48. Rd4 Rc1+ 49. Kb4 Ke6 50. a3 Rh1 51. c6 1-0

[Event "TCh-POL Ekstraliga 2025"]
[Site "Chotowa POL"]
[Date "2025.06.02"]
[Round "1.6"]
[White "Antolak, Julia"]
[Black "Kubicka, Anna"]
[Result "0-1"]
[WhiteTitle "WGM"]
[BlackTitle "WIM"]
[WhiteElo "2279"]
[BlackElo "2227"]
[WhiteTeam "Akademia Szachowa Gliwice"]
[BlackTeam "SzSON ZAGLEBIE Dabrowa Gornicza"]
[WhiteFideId "1159569"]
[BlackFideId "1152254"]
[EventDate "2025.06.02"]

1. d4 d5 2. c4 dxc4 3. e3 Nf6 4. Bxc4 e6 5. Nf3 a6 6. O-O c5 7. Nc3 b5 8. Bd3
Bb7 9. Qe2 Nbd7 10. Rd1 Qc7 11. a3 Be7 12. Bd2 O-O 13. Rac1 e5 14. dxe5 Nxe5 15.
Nxe5 Qxe5 16. f4 Qe6 17. e4 c4 18. Bc2 Bc5+ 19. Be3 Qb6 20. Bxc5 Qxc5+ 21. Kh1
Qh5 22. Qf2 Rae8 23. e5 Ng4 24. Qg3 Re6 25. h3 f5 26. Rd6 Rxd6 27. exd6 Nf2+ 28.
Kg1 Ne4 29. Nxe4 Bxe4 30. Bxe4 fxe4 31. Qe3 Qd5 32. Qb6 Qd2 33. Rb1 e3 34. d7
Qxd7 35. Qxe3 Re8 36. Qf3 Qd4+ 37. Qf2 Re4 38. Qxd4 Rxd4 39. Kf2 Rxf4+ 40. Ke3
Rf6 41. a4 Rd6 42. a5 Rd3+ 43. Ke4 Rd2 44. g3 Kf7 45. Ke5 Ke7 46. g4 Kd7 47. h4
Kc6 48. h5 h6 49. Kf5 Rd5+ 50. Ke6 Rg5 51. Rd1 b4 52. Rd4 Kb5 53. Kd6 Kxa5 54.
Rxc4 Ka4 55. Ke7 a5 56. Kf7 Kb3 57. Rc6 Rxg4 58. Rg6 Rh4 59. Kxg7 Rxh5 60. Rg2
Rg5+ 0-1

[Event "TCh-POL Ekstraliga 2025"]
[Site "Chotowa POL"]
[Date "2025.06.02"]
[Round "1.1"]
[White "Pultinevicius, Paulius"]
[Black "Bluebaum, Matthias"]
[Result "0-1"]
[WhiteTitle "GM"]
[BlackTitle "GM"]
[WhiteElo "2561"]
[BlackElo "2663"]
[WhiteTeam "KSz Hetman Plock"]
[BlackTeam "KSz Silesia Raciborz"]
[WhiteFideId "12809390"]
[BlackFideId "24651516"]
[EventDate "2025.06.02"]

1. d4 d5 2. c4 c6 3. Nc3 Nf6 4. e3 Bf5 5. cxd5 cxd5 6. Qb3 Nc6 7. Qxb7 Bd7 8.
Qb3 Rb8 9. Qd1 e5 10. Nf3 Bd6 11. dxe5 Nxe5 12. Nd4 Ne4 13. Ndb5 Bxb5 14. Bxb5+
Rxb5 15. Nxb5 Bb4+ 16. Nc3 Nxc3 17. bxc3 Bxc3+ 18. Bd2 Bxa1 19. Qxa1 Qg5 20. h4
Nd3+ 21. Ke2 Qg4+ 22. f3 Nf4+ 23. exf4 Qxg2+ 24. Kd3 Qxf3+ 25. Be3 Qe4+ 26. Kd2
Qg2+ 27. Kd3 Qe4+ 28. Kd2 Qg2+ 29. Kc3 O-O 30. Rg1 Qe2 31. Bc5 d4+ 32. Kxd4 0-1

[Event "TCh-POL Ekstraliga 2025"]
[Site "Chotowa POL"]
[Date "2025.06.02"]
[Round "1.2"]
[White "Kozak, Adam"]
[Black "Jarmula, Lukasz"]
[Result "1/2-1/2"]
[WhiteTitle "GM"]
[BlackTitle "GM"]
[WhiteElo "2587"]
[BlackElo "2440"]
[WhiteTeam "KSz Silesia Raciborz"]
[BlackTeam "KSz Hetman Plock"]
[WhiteFideId "753246"]
[BlackFideId "1160664"]
[EventDate "2025.06.02"]

1. c4 Nf6 2. Nc3 d6 3. d4 e5 4. dxe5 dxe5 5. Qxd8+ Kxd8 6. Nf3 Nc6 7. Bg5 Be6 8.
O-O-O+ Kc8 9. Bxf6 gxf6 10. e3 Bh6 11. g3 Rd8 12. Nd5 f5 13. h4 b5 14. Ng5 Kb7
15. Nc3 Rxd1+ 16. Kxd1 Bxc4 17. Bxc4 bxc4 18. Nxf7 Bg7 19. Ng5 e4 20. Ne6 Bh8
21. Ke2 Nb4 22. g4 fxg4 23. Nc5+ Kc6 24. N5xe4 1/2-1/2